[Event "Challenge"]
[Site "http://www.queenalice.com/game.php?id=829659"]
[Date "2010.9.8"]
[Round "-"]
[White "patrick"]
[Black "Camy"]
[Result "0-1"]
[WhiteElo "1414"]
[BlackElo "1479"]

1. e4 e5 2. Qf3 Nf6 3. Nh3 h6 4. Bc4 Qe7 5. Nc3 d6 6. d3 Nc6 7. Nb5 Nb4 8. Na3
Be6 9. Bd2 Nc6 10. c3 Qd7 11. Nb5 a6 12. Na3 Bg4 13. Qg3 O-O-O 14. Qe3 Bh5 15.
b4 Ng4 16. Qe2 Qe7 17. b5 axb5 18. Nxb5 Nf6 19. Qe3 b6 20. Rb1 d5 21. Bb3 d4 22.
cxd4 exd4 23. Qf4 g5 24. Qf5+ Kb8 25. a4 Bg6 26. Qf3 g4 27. Qf4 Ne5 28. Rc1
Nxd3+ 29. Kd1 Nxf4 30. Bxf4 Nxe4 31. Re1 d3 32. Bd2 gxh3 33. gxh3 Bh5+ 34. Re2
Nxf2+ 35. Ke1 Qxe2# 0-1

[Event "zubrowzka"]
[Site "http://www.queenalice.com/game.php?id=833569"]
[Date "2010.9.16"]
[Round "-"]
[White "patrick"]
[Black "filou"]
[Result "1-0"]
[WhiteElo "1401"]
[BlackElo "1576"]

1. e4 e5 2. c4 d6 3. d3 Nc6 4. Qa4 Bd7 5. Nc3 Nd4 6. Qd1 h6 7. Nh3 Qf6 8. Nd5
Qd8 9. Bd2 Be6 10. Qa4+ c6 11. Nb4 Bxh3 12. gxh3 b5 13. Qa6 Qd7 14. Be3 d5 15.
cxd5 Bxb4+ 16. Bd2 Nc2+ 17. Kd1 Nxa1 18. Bxb4 cxd5 19. exd5 Qxd5 20. Rg1 g6 21.
Rg4 Nf6 22. Qxf6 Qd8 23. Qxe5+ Kd7 24. Qd6+ Kc8 25. Qc6+ Kb8 26. Bd6+ Qxd6 27.
Qxd6+ Kb7 28. Bg2+ Kc8 29. Qc6+ Kb8 30. Qb7# 1-0

[Event "Challenge"]
[Site "http://www.queenalice.com/game.php?id=838468"]
[Date "2010.9.27"]
[Round "-"]
[White "patrick"]
[Black "blackwolf"]
[Result "0-1"]
[WhiteElo "1424"]
[BlackElo "1920"]

1. e4 e5 2. Qf3 Nf6 3. Nh3 Nc6 4. Nc3 Bb4 5. Nd5 d6 6. Ng5 O-O 7. c3 Ba5 8. d3
Nd4 9. Qd1 h6 10. Nh3 Be6 11. Ne3 Qd7 12. b4 Bb6 13. Rb1 Bxa2 14. Rb2 Be6 15. g4
Nxg4 16. Rg1 Nxe3 17. Bxe3 Nb5 18. f3 Bxe3 19. f4 Bxg1 20. Nxg1 Nxc3 21. Qh5 f6
22. Rg2 Qf7 23. Qh4 a5 24. bxa5 Rxa5 25. f5 Ra1+ 26. Kf2 Ra2+ 27. Ke3 Rxg2 28.
Bxg2 Bd7 29. Kd2 Qa2+ 30. Kxc3 Qxg2 31. Nh3 Qxh2 32. d4 Ra8 33. d5 Ra3+ 34. Kb4
Rxh3 35. Qg4 Qb2+ 36. Kc4 Rc3# 0-1

[Event "Bratislava"]
[Site "http://www.queenalice.com/game.php?id=845967"]
[Date "2010.10.14"]
[Round "-"]
[White "filou"]
[Black "patrick"]
[Result "1-0"]
[WhiteElo "1622"]
[BlackElo "1422"]

1. e4 e5 2. Nf3 Bc5 3. Nxe5 Qf6 4. d4 Bb6 5. Bc4 Nc6 6. Nxc6 bxc6 7. Be3 Ba5+ 8.
c3 Rb8 9. b4 Bb6 10. O-O g5 11. Nd2 h5 12. e5 Qf5 13. Qf3 Qg6 14. Ne4 g4 15. Qf4
h4 16. Ng5 f6 17. Bf7+ Qxf7 18. Nxf7 Kxf7 19. Qxg4 d6 20. Qf3 Ba6 21. Rfe1 Ke6
22. a4 Bd3 23. a5 c5 24. axb6 axb6 25. dxc5 bxc5 26. bxc5 dxe5 27. Qc6+ Kf5 28.
Qxc7 Rf8 29. Qd6 Rf7 30. Qxd3+ e4 31. Qd5+ Kg6 32. Qxe4+ f5 33. Qe6+ Rf6 34.
Qe8+ Rf7 35. Ra6+ Kg7 36. Bd4+ Rf6 37. Bxf6+ Nxf6 38. Qe7+ Kg6 39. Qxf6+ Kh5 40.
Qxf5# 1-0

[Event "Challenge"]
[Site "http://www.queenalice.com/game.php?id=846015"]
[Date "2010.10.15"]
[Round "-"]
[White "patrick"]
[Black "jpages"]
[Result "0-1"]
[WhiteElo "1422"]
[BlackElo "1959"]

1. e4 e5 2. Qf3 Nf6 3. Nh3 Nc6 4. Ng5 d6 5. Nc3 h6 6. Nh3 Nd4 7. Qd3 Bxh3 8.
gxh3 Qd7 9. Nd5 Nxd5 10. c3 Nf4 11. Qe3 Nc2+ 12. Kd1 Nxe3+ 13. fxe3 Nxh3 14. a4
Nf2+ 15. Ke1 Nxh1 16. Bg2 Qg4 17. Bxh1 Qg1+ 18. Ke2 Qxh2+ 19. Kd3 Qxh1 20. Kc2
O-O-O 21. b3 d5 22. Bb2 Qxe4+ 23. Kc1 Bc5 24. b4 Bxe3 25. a5 Bxd2+ 26. Kd1 Bxc3
27. Bxc3 Qd3+ 28. Ke1 Qxc3+ 29. Ke2 Qxa1 30. Kd2 Rd6 31. Ke2 Rc6 32. b5 Rc3 33.
b6 Qb2+ 34. Kd1 Rc1# 0-1

[Event "Kaliningrad"]
[Site "http://www.queenalice.com/game.php?id=857358"]
[Date "2010.11.10"]
[Round "-"]
[White "patrick"]
[Black "filou"]
[Result "0-1"]
[WhiteElo "1414"]
[BlackElo "1602"]

1. e4 e6 2. d4 d5 3. Qg4 Nf6 4. Qf4 dxe4 5. f3 exf3 6. Nxf3 Bd6 7. Ne5 O-O 8.
Bd3 c5 9. Qh4 h6 10. Bxh6 gxh6 11. Qxh6 Re8 12. Bg6 Bxe5 13. Rf1 Bxd4 14. c3
fxg6 15. Qxg6+ Kf8 16. cxd4 Nd7 17. Rf3 b6 18. Rg3 Re7 19. Nc3 cxd4 20. Ne4 Rf7
21. O-O-O Qc7+ 22. Kb1 Qe5 23. Ng5 Qf5+ 24. Qxf5 exf5 25. Ne6+ Ke7 26. Re1 Ne4
27. Rg6 d3 28. g4 Ne5 29. gxf5 d2 30. Rd1 Nxg6 31. Nc7 Bxf5 32. b4 Nf2+ 33. Kb2
Nxd1+ 34. Kb3 Ne3 35. Nxa8 d1=Q+ 36. Kc3 Qd3+ 37. Kb2 Nd1+ 38. Kc1 Qc2# 0-1

[Event "Challenge"]
[Site "http://www.queenalice.com/game.php?id=860811"]
[Date "2010.11.19"]
[Round "-"]
[White "marcito"]
[Black "patrick"]
[Result "0-1"]
[WhiteElo "1546"]
[BlackElo "1406"]

1. d4 e6 2. Nf3 Qf6 3. e3 Nh6 4. b3 Nc6 5. Bd3 b6 6. c3 a5 7. Nbd2 Ba6 8. c4 Nb4
9. Ne4 Qg6 10. Nd6+ cxd6 11. Bxg6 hxg6 12. d5 exd5 13. a3 Nc6 14. Qxd5 Ng4 15.
Bb2 O-O-O 0-1

[Event "Challenge"]
[Site "http://www.queenalice.com/game.php?id=868926"]
[Date "2010.12.7"]
[Round "-"]
[White "NeeneNY"]
[Black "patrick"]
[Result "1-0"]
[WhiteElo "1368"]
[BlackElo "1428"]

1. d4 e6 2. e4 Qf6 3. Nf3 Nh6 4. Bg5 Qg6 5. e5 Nc6 6. Bd3 Qh5 7. Qd2 f6 8. exf6
gxf6 9. Bxf6 Rg8 10. O-O Bd6 11. h3 b6 12. Ng5 Rf8 13. Nxh7 Rg8 14. Re1 e5 15.
d5 Nd4 16. Nc3 e4 17. Nxe4 Qg6 18. Nhg5 Nhf5 19. c3 Nb5 20. Nxd6+ Kf8 21. Nxc8
Rxc8 22. Bxb5 Nh4 23. Qd4 Nf5 24. Qe5 d6 25. Qe6 Rb8 26. a4 a6 27. Bxa6 Ra8 28.
Qd7 Qxf6 29. h4 Nxh4 30. Nh7# 1-0

[Event "Leningrad"]
[Site "http://www.queenalice.com/game.php?id=871711"]
[Date "2010.12.14"]
[Round "-"]
[White "filou"]
[Black "patrick"]
[Result "1-0"]
[WhiteElo "1630"]
[BlackElo "1410"]

1. d4 e6 2. e4 f5 3. e5 g6 4. Nf3 h5 5. Bg5 Be7 6. Bxe7 Qxe7 7. Qd2 a5 8. Nc3 b6
9. O-O-O Nc6 10. a3 Nh6 11. h3 a4 12. Bb5 Na5 13. Bxa4 Nc4 14. Qd3 Nxb2 15. Kxb2
b5 16. Qxb5 c6 17. Qb4 Qd8 18. Bb3 Qc7 19. Rhe1 Qa7 20. Na4 Nf7 21. c4 Nd8 22.
Rd2 Nb7 23. d5 cxd5 24. cxd5 exd5 25. Bxd5 g5 26. Rc1 g4 27. Nd4 Rh6 28. Nxf5 d6
29. Nxh6 dxe5 30. Rc7 Bd7 31. Rxb7 Qa6 32. Rb8+ Bc8 33. Rxa8 Qxh6 34. Rxc8+ Kd7
35. Nb6+ Qxb6 36. Qxb6 Kxc8 37. Be6# 1-0

[Event "Challenge"]
[Site "http://www.queenalice.com/game.php?id=880292"]
[Date "2011.1.3"]
[Round "-"]
[White "patrick"]
[Black "NeeneNY"]
[Result "1-0"]
[WhiteElo "1419"]
[BlackElo "1374"]

1. e4 Nf6 2. Qf3 d5 3. d3 e6 4. Nc3 Bc5 5. Nh3 Nc6 6. g4 Nd4 7. Qd1 Nxg4 8. Qxg4
Nxc2+ 9. Kd1 Nxa1 10. Qxg7 Rf8 11. Bg5 f6 12. Bh6 Rf7 13. Qg8+ Kd7 14. Qxf7+ Qe7
15. Qh5 Kd8 16. exd5 e5 17. Rg1 b6 18. Nb5 Ba6 19. Rg8+ Kd7 20. Qf5+ Qe6 21.
Qxe6# 1-0

[Event "Helsinki"]
[Site "http://www.queenalice.com/game.php?id=885407"]
[Date "2011.1.12"]
[Round "-"]
[White "patrick"]
[Black "filou"]
[Result "0-1"]
[WhiteElo "1433"]
[BlackElo "1689"]

1. e4 e5 2. Qf3 Nf6 3. a4 b6 4. a5 Bb7 5. h4 Bxe4 6. Qc3 Qe7 7. Qxc7 d5 8. Qc8+
Qd8 9. Bb5+ Nbd7 10. Qc6 d4 11. Qc4 Bc5 12. f3 Bd5 13. Qa4 O-O 14. h5 a6 15. Bd3
e4 16. fxe4 Bxe4 17. h6 Bxg2 18. Rh4 Qe7+ 19. Kf2 Bd5 20. Nh3 Rfe8 21. b4 Qe1#
0-1

[Event "Tupolev"]
[Site "http://www.queenalice.com/game.php?id=892102"]
[Date "2011.1.27"]
[Round "-"]
[White "filou"]
[Black "patrick"]
[Result "1-0"]
[WhiteElo "1675"]
[BlackElo "1427"]

1. Nf3 e6 2. e4 c5 3. d4 Qf6 4. Bg5 Qg6 5. Nc3 cxd4 6. Qxd4 Nc6 7. Qe3 Nb4 8.
Bd3 Nh6 9. h3 b6 10. O-O Qh5 11. a3 Nc6 12. Bxh6 gxh6 13. e5 Rg8 14. Ne4 Be7 15.
Bb5 Qg6 16. g3 Bb7 17. Bd3 Na5 18. Nd6+ Kf8 19. Bxg6 Rxg6 20. b4 Nc6 21. Nxb7
Rb8 22. b5 Na5 23. Nxa5 bxa5 24. a4 Rc8 25. Qd3 d5 26. exd6 Bd8 27. d7 Rc5 28.
Qd6+ Kg7 29. Qxc5 f6 30. Nd4 Bb6 31. Qe7+ Kg8 32. Qe8+ Kg7 33. Nxe6# 1-0

[Event "Dniep"]
[Site "http://www.queenalice.com/game.php?id=905622"]
[Date "2011.2.25"]
[Round "-"]
[White "patrick"]
[Black "filou"]
[Result "0-1"]
[WhiteElo "1421"]
[BlackElo "1709"]

1. e4 e5 2. b3 c6 3. c4 Nf6 4. d3 Bc5 5. Qf3 O-O 6. Nh3 d5 7. g4 Bxg4 8. Qg3 Re8
9. Ba3 Bd4 10. Be2 Bxe2 11. Kxe2 Bxa1 12. Rg1 g6 13. Nd2 Bd4 14. Nf3 Nbd7 15.
Nhg5 Qa5 16. h4 Qxa3 17. Kf1 Qxa2 18. Rg2 Qxb3 19. Kg1 a5 20. Nd2 Qd1+ 21. Nf1
a4 22. h5 Nxh5 23. Qh3 Ndf6 24. Nf3 Nf4 25. Qh4 Qxf3 26. Nh2 Qxg2# 0-1

[Event "Challenge"]
[Site "http://www.queenalice.com/game.php?id=918179"]
[Date "2011.3.27"]
[Round "-"]
[White "patrick"]
[Black "filou"]
[Result "0-1"]
[WhiteElo "1417"]
[BlackElo "1732"]

1. e4 e6 2. Qf3 d5 3. Bb5+ Bd7 4. a4 c6 5. Bd3 e5 6. b3 d4 7. Bc4 Nf6 8. Nh3
Bxh3 9. gxh3 Nbd7 10. Na3 Bd6 11. Rg1 O-O 12. Qg3 g6 13. h4 a6 14. h5 Nxe4 15.
Qg4 Nef6 16. Qg5 b5 17. Bd3 e4 18. Qh6 exd3 19. hxg6 fxg6 20. Bb2 Qe7+ 21. Kf1
Qe2+ 22. Kg2 Ng4 23. Qg5 Qxf2+ 24. Kh3 Nde5 25. Raf1 Qxh2# 0-1

[Event "Hola chicos"]
[Site "http://www.queenalice.com/game.php?id=925943"]
[Date "2011.4.14"]
[Round "-"]
[White "patrick"]
[Black "filou"]
[Result "0-1"]
[WhiteElo "1414"]
[BlackElo "1673"]

1. e4 e5 2. Na3 Nf6 3. Nf3 Bxa3 4. bxa3 d6 5. c3 O-O 6. d4 exd4 7. e5 dxe5 8.
Nxe5 c5 9. f4 Be6 10. Qf3 Bd5 11. Qh3 Qa5 12. Bd2 dxc3 13. Rb1 cxd2+ 14. Kd1 Ne4
15. Nd3 c4 16. Nb4 Nf2+ 17. Kxd2 Nxh3 18. gxh3 Bxh1 19. Bxc4 Be4 20. Re1 Qf5 21.
Bd3 Rd8 22. Ke3 a5 23. Bxe4 Qc5+ 24. Kf3 axb4 25. axb4 Qxb4 26. Rg1 Ra3+ 27. Kg4
Qxe4 28. Rg3 Qe6+ 29. f5 Rxg3+ 30. Kxg3 Qxf5 31. a4 Rd3+ 32. Kg2 Qf3+ 33. Kg1
Rd1# 0-1

[Event "Challenge"]
[Site "http://www.queenalice.com/game.php?id=927967"]
[Date "2011.4.19"]
[Round "-"]
[White "kleberrocha"]
[Black "patrick"]
[Result "0-1"]
[WhiteElo "1453"]
[BlackElo "1408"]

1. e4 e5 2. Qf3 Nh6 3. g4 Nc6 4. c3 Qe7 5. Nh3 Qf6 6. Qg3 d6 7. d3 a5 8. Bg5 Qe6
9. f4 Qxg4 10. Bxh6 Qg6 11. Bg5 h6 12. fxe5 hxg5 13. Nxg5 Nxe5 14. d4 Nd7 15.
Nd2 Nf6 16. d5 Nh5 17. Qh4 Be7 18. Rg1 Qf6 19. Bb5+ c6 20. Be2 g6 21. O-O-O Nf4
22. Qf2 Qe5 23. Nc4 Qf6 24. Nb6 Ra6 25. b4 axb4 26. Nxc8 Qxc3+ 27. Kb1 Bf6 28.
Nxd6+ Kf8 29. Qxf4 Qb2# 0-1

[Event "Challenge"]
[Site "http://www.queenalice.com/game.php?id=938481"]
[Date "2011.5.15"]
[Round "-"]
[White "patrick"]
[Black "TitoMagno"]
[Result "0-1"]
[WhiteElo "1438"]
[BlackElo "1669"]

1. e4 e5 2. Qf3 Nf6 3. Nh3 Nc6 4. Nc3 Nd4 5. Qg3 Nxc2+ 6. Kd1 Nxa1 7. Qxe5+ Be7
8. Bc4 O-O 9. g4 d6 10. Qf4 Bxg4+ 11. Ne2 Bxh3 12. Rg1 Be6 13. Qg5 Ne8 14. Qg3
Bxc4 15. d3 Bxa2 16. Bh6 Bf6 17. Nf4 Kh8 18. Nh5 gxh6 19. Qg4 Bb3+ 20. Kc1 Be6
21. Qg3 c5 22. f4 Nb3+ 23. Kb1 Qa5 24. Nxf6 Qa1+ 25. Kc2 Nd4+ 26. Kd2 Qxb2+ 27.
Ke1 Qe2# 0-1

[Event "Krakovia"]
[Site "http://www.queenalice.com/game.php?id=938704"]
[Date "2011.5.16"]
[Round "-"]
[White "patrick"]
[Black "filou"]
[Result "0-1"]
[WhiteElo "1443"]
[BlackElo "1730"]

1. e4 c5 2. Na3 a6 3. Bc4 e5 4. Qf3 Nf6 5. d3 Nc6 6. Bg5 Be7 7. h4 O-O 8. Nh3 d6
9. O-O-O Bg4 10. Qe3 Bxd1 11. Rxd1 b5 12. b3 bxc4 13. Nxc4 Rb8 14. Qg3 d5 15.
Bh6 g6 16. Ne3 Re8 17. Nf5 c4 18. dxc4 Nd4 19. Qxe5 Ba3+ 20. Kb1 Rxe5 21. Rxd4
gxf5 22. f3 Qa5 23. Rd1 dxc4 24. Ng5 Qc3 25. Rd8+ Rxd8 26. bxc4 Rd1# 0-1

[Event "Challenge"]
[Site "http://www.queenalice.com/game.php?id=1122706"]
[Date "2012.11.16"]
[Round "-"]
[White "patrick"]
[Black "roc93"]
[Result "0-1"]
[WhiteElo "1453"]
[BlackElo "1370"]

1. e4 e5 2. Qf3 Nf6 3. Bc4 Qe7 4. b3 Nc6 5. Nc3 Nd4 6. Qd3 Ng4 7. Nd5 Qd6 8. Nf3
Nxf2 9. Kxf2 Nxf3 10. Qxf3 Qc5+ 11. Ke1 Bd6 12. Rf1 O-O 0-1

[Event "Challenge"]
[Site "http://www.queenalice.com/game.php?id=1122707"]
[Date "2012.11.16"]
[Round "-"]
[White "patrick"]
[Black "Dulce"]
[Result "0-1"]
[WhiteElo "1436"]
[BlackElo "1503"]

1. e4 e5 2. Qf3 Nf6 3. Bc4 Qe7 4. Nc3 Nc6 5. Nd5 Nxd5 6. Bxd5 d6 7. Ne2 Be6 8.
Nc3 Nd4 9. Qd3 Bxd5 10. Nxd5 Qd7 11. c3 c6 12. Nb4 c5 0-1